X-Man Last Words - Statistics

General Stats
  • This quiz has been taken 4 times
  • The average score is 8 of 10
Answer Stats
Last Words Movie Answer % Correct
All is revealed X-Men: Apocalypse Apocalypse / En Sabah Nur
100%
Save me X-Men: The Last Stand Jean Grey
100%
Our boat… the Sunseeker Logan Professor X / Charles Xavier
100%
Psylocke! X-Men: Apocalypse Archangel / Warren Worthington III
75%
Beware the light Logan Caliban
75%
I love you Dark Phoenix Mystique / Raven Darkhölme
75%
Don’t you people ever die?! X-Men Toad
75%
Sentinel carriers! Ten miles away! X-Men: Days of Future Past Warpath / James Proudstar
75%
One day, someone will finish what I’ve started, Wolverine! X2 William Stryker
75%
I guess you’ve got one less person to be afraid of X-Men Robert Kelly
50%
No matching quizzes found
Score Distribution
Percent of People with Each Score
Percentile by Number Answered
Your Score History
You have not taken this quiz